Những vấn đề pháp luật và qui chế trong nền kinh tế thông tin
Sách cung cấp cho người đọc những khái niệm cơ bản, các bài học kinh nghiệm của một số nước về công nghệ thông tin và truyền thông, sự tác động, ảnh hưởng của nó đến nền kinh tế, chính trị, xã hội....
保存先:
| 第一著者: | |
|---|---|
| フォーマット: | 図書 |
| 言語: | Undetermined |
| 出版事項: |
Hà Nội
Bưu điện
2006
|
| 主題: | |
| タグ: |
タグ追加
タグなし, このレコードへの初めてのタグを付けませんか!
|
| Thư viện lưu trữ: | Trung tâm Học liệu Trường Đại học Cần Thơ |
|---|
| LEADER | 00980nam a2200205Ia 4500 | ||
|---|---|---|---|
| 001 | CTU_114206 | ||
| 008 | 210402s9999 xx 000 0 und d | ||
| 020 | |c 10000 | ||
| 082 | |a 004.6 | ||
| 082 | |b T305 | ||
| 100 | |a Trần Minh Tiến | ||
| 245 | 0 | |a Những vấn đề pháp luật và qui chế trong nền kinh tế thông tin | |
| 245 | 0 | |c Trần Minh Tiến, Nguyễn Thành Phúc; Phạm Mạnh Lâm dịch | |
| 260 | |a Hà Nội | ||
| 260 | |b Bưu điện | ||
| 260 | |c 2006 | ||
| 520 | |a Sách cung cấp cho người đọc những khái niệm cơ bản, các bài học kinh nghiệm của một số nước về công nghệ thông tin và truyền thông, sự tác động, ảnh hưởng của nó đến nền kinh tế, chính trị, xã hội. | ||
| 650 | |a Information science,Internet | ||
| 904 | |i Năm | ||
| 980 | |a Trung tâm Học liệu Trường Đại học Cần Thơ | ||